Üzleti modellek a hálózati gazdaságban. az üzleti modell fejlődése.

Bibliográfiai részletek
Szerző: Tóth Márk
További közreműködők: Németh Dr. János Pál
Dokumentumtípus: Diplomadolgozat
Kulcsszavak:E-business
E-kereskedelem
Üzleti modell
Online Access:http://dolgozattar.uni-bge.hu/9109

MARC

LEADER 00000nta a2200000 i 4500
001 dolg9109
005 20161216104024.0
008 161216suuuu hu om 000 hun d
040 |a BGE Dolgozattár Repozitórium  |b hun 
041 |a hu 
100 1 |a Tóth Márk 
245 1 0 |a Üzleti modellek a hálózati gazdaságban. az üzleti modell fejlődése.  |c Tóth Márk  |h [elektronikus dokumentum] 
695 |a E-business 
695 |a E-kereskedelem 
695 |a Üzleti modell 
700 1 |a Németh Dr. János Pál  |e ths 
856 4 0 |u http://dolgozattar.uni-bge.hu/9109/1/Szakdolgozat.pdf  |z Dokumentum-elérés 
856 4 0 |u http://dolgozattar.uni-bge.hu/9109/2/nyilatkozat.pdf  |z Dokumentum-elérés